[Event "4NCL"]
[Site "Barcelo Hotel, Hinkley Island,"]
[Date "2011.04.30"]
[Round "9.12"]
[White "Slavin, Alexei"]
[Black "Gormally, Daniel W"]
[Result "1/2-1/2"]
[WhiteElo "2411"]
[BlackElo "2494"]
[PlyCount "65"]
[EventDate "2011.??.??"]
[WhiteTeam "e2e4.org.uk 1"]
[BlackTeam "Cheddleton 1"]

1. d4 Nf6 2. Nf3 e6 3. e3 b6 4. Bd3 Bb7 5. O-O Be7 6. b3 c5 7. Bb2 O-O 8. Nbd2
cxd4 9. exd4 Nd5 10. Re1 Bb4 11. Be4 Qc7 12. Bxd5 Bxd5 13. c3 Bd6 14. c4 Bxf3
15. Nxf3 Nc6 16. d5 Ne7 17. Qd4 Nf5 18. Qg4 g6 19. Qg5 Qd8 20. Qd2 Qe7 21. Re2
Rae8 22. Rd1 Bb4 23. Qd3 a5 24. Nd4 Qg5 25. dxe6 dxe6 26. Nxf5 gxf5 27. Qd4 f6
28. Qxb6 f4 29. Qc6 e5 30. h3 Rd8 31. Qe6+ Kg7 32. Rxd8 Rxd8 33. Qg4 1/2-1/2

[Event "4NCL"]
[Site "Barcelo Hotel, Hinkley Island,"]
[Date "2011.04.30"]
[Round "9.12"]
[White "Paehtz, Elisabeth"]
[Black "Ghasi, Ameet K"]
[Result "1/2-1/2"]
[WhiteElo "2464"]
[BlackElo "2359"]
[PlyCount "86"]
[EventDate "2011.??.??"]
[WhiteTeam "Cheddleton 1"]
[BlackTeam "e2e4.org.uk 1"]

1. e4 c5 2. Nc3 Nc6 3. Bb5 Na5 4. Nf3 a6 5. Be2 b5 6. d4 cxd4 7. Nxd4 Bb7 8.
Bg5 Qb8 9. a4 b4 10. Nd5 Nf6 11. Bxf6 Bxd5 12. Bxe7 Bxe7 13. exd5 Bf6 14. O-O
Qf4 15. c3 bxc3 16. bxc3 O-O 17. Rb1 Rfc8 18. Bg4 Ra7 19. g3 Qc7 20. Re1 g6 21.
Rc1 Qd6 22. Bf3 Rac7 23. Ne2 Nc4 24. Rb1 Kg7 25. Bg2 Rc5 26. Qb3 h5 27. Red1 h4
28. Qb4 Qe7 29. Nd4 Qd6 30. Qb7 Na5 31. Qb4 hxg3 32. hxg3 Nc4 33. Qb7 Rh8 34.
Qb4 a5 35. Qb7 Rc7 36. Qb3 Qe5 37. Nb5 Rcc8 38. Qc2 Qh5 39. Kf1 Qh2 40. Re1 Rh5
41. Qd3 Rhh8 42. d6 Qh6 43. Re2 Rc5 1/2-1/2

[Event "4NCL"]
[Site "Barcelo Hotel, Hinkley Island,"]
[Date "2011.04.30"]
[Round "9.12"]
[White "Zhou, Yang-Fan"]
[Black "Pert, Richard G"]
[Result "0-1"]
[WhiteElo "2323"]
[BlackElo "2457"]
[PlyCount "90"]
[EventDate "2011.??.??"]
[WhiteTeam "e2e4.org.uk 1"]
[BlackTeam "Cheddleton 1"]

1. e4 c5 2. Nf3 d6 3. d4 cxd4 4. Nxd4 Nf6 5. Nc3 g6 6. Be3 Bg7 7. f3 Nc6 8. Qd2
Bd7 9. O-O-O Rc8 10. Kb1 Ne5 11. g4 O-O 12. h4 b5 13. h5 Nxf3 14. Nxf3 Bxg4 15.
Be2 b4 16. Nd5 Nxe4 17. Qxb4 e6 18. h6 Bh8 19. Qxe4 Bf5 20. Qb4 Rxc2 21. Bd3
Rxb2+ 22. Qxb2 Bxd3+ 23. Rxd3 Bxb2 24. Kxb2 exd5 25. Re1 Qf6+ 26. Bd4 Qf4 27.
Bg7 Rb8+ 28. Rb3 Rxb3+ 29. axb3 f6 30. Re8+ Kf7 31. Rf8+ Ke7 32. Rxf6 Qxf6+ 33.
Bxf6+ Kxf6 34. Kc3 g5 35. Kd4 Kg6 36. Kxd5 Kxh6 37. Nh2 Kg6 38. b4 h5 39. b5 g4
40. Kc6 g3 41. Nf3 Kf5 42. Kb7 Kg4 43. Ne1 h4 44. Kxa7 h3 45. b6 g2 0-1

[Event "4NCL"]
[Site "Barcelo Hotel, Hinkley Island,"]
[Date "2011.04.30"]
[Round "9.12"]
[White "Bellin, Robert"]
[Black "Byron, Alan M"]
[Result "1/2-1/2"]
[WhiteElo "2362"]
[BlackElo "2183"]
[PlyCount "42"]
[EventDate "2011.??.??"]
[WhiteTeam "Cheddleton 1"]
[BlackTeam "e2e4.org.uk 1"]

1. Nf3 d6 2. d4 Nf6 3. Nbd2 g6 4. e4 Bg7 5. Bc4 O-O 6. O-O Nc6 7. c3 e5 8. Bb5
Nd7 9. Bxc6 bxc6 10. dxe5 Nxe5 11. Nxe5 Bxe5 12. Nf3 Bg7 13. Bg5 Qe8 14. Re1 f6
15. Bf4 Rb8 16. Qc2 Rf7 17. Re3 Re7 18. Rae1 c5 19. Nd2 Be6 20. c4 Rb4 21. b3
Qf8 1/2-1/2

[Event "4NCL"]
[Site "Barcelo Hotel, Hinkley Island,"]
[Date "2011.04.30"]
[Round "9.12"]
[White "Hulmes, David I"]
[Black "Arkell, Keith C"]
[Result "0-1"]
[WhiteElo "2255"]
[BlackElo "2412"]
[PlyCount "76"]
[EventDate "2011.??.??"]
[WhiteTeam "e2e4.org.uk 1"]
[BlackTeam "Cheddleton 1"]

1. e4 c6 2. d4 d5 3. e5 c5 4. dxc5 Nc6 5. Bb5 Qa5+ 6. Nc3 e6 7. Be3 Bd7 8. Nf3
Nge7 9. Bxc6 Bxc6 10. a3 Nf5 11. b4 Nxe3 12. fxe3 Qc7 13. O-O Be7 14. Qd3 O-O
15. Rad1 Rfd8 16. Ne2 Ba4 17. Ned4 b6 18. cxb6 axb6 19. Rc1 Rdc8 20. e4 dxe4
21. Qxe4 Be8 22. c4 Rxa3 23. b5 Ra4 24. Nd2 Bg5 25. N4f3 Bxd2 26. Nxd2 Bxb5 27.
cxb5 Qxc1 28. Qxa4 Qxd2 29. Qe4 Qd7 30. Qf4 h6 31. h3 Rc5 32. Ra1 Qc7 33. Ra8+
Kh7 34. Qe4+ g6 35. Rf8 Kg7 36. Qa8 Rc1+ 37. Kf2 Qc5+ 38. Kf3 Rc3+ 0-1

[Event "4NCL"]
[Site "Barcelo Hotel, Hinkley Island,"]
[Date "2011.04.30"]
[Round "9.12"]
[White "Hawkins, Jonathan"]
[Black "Talbot, Andrew R"]
[Result "1-0"]
[WhiteElo "2429"]
[BlackElo "2139"]
[PlyCount "29"]
[EventDate "2011.??.??"]
[WhiteTeam "Cheddleton 1"]
[BlackTeam "e2e4.org.uk 1"]

1. d4 Nf6 2. c4 g6 3. Nc3 Bg7 4. e4 d6 5. f3 O-O 6. Be3 e5 7. d5 Nh5 8. g4 Nf4
9. Qd2 c6 10. O-O-O Qa5 11. Kb1 cxd5 12. cxd5 Bd7 13. Nge2 Nxe2 14. Bxe2 b5 15.
Nxb5 1-0

[Event "4NCL"]
[Site "Barcelo Hotel, Hinkley Island,"]
[Date "2011.04.30"]
[Round "9.12"]
[White "Mansson, James C"]
[Black "Wallace, Paul A"]
[Result "1/2-1/2"]
[WhiteElo "2128"]
[BlackElo "2245"]
[PlyCount "53"]
[EventDate "2011.??.??"]
[WhiteTeam "e2e4.org.uk 1"]
[BlackTeam "Cheddleton 1"]

1. Nf3 Nf6 2. c4 g6 3. Nc3 Bg7 4. e4 d6 5. d4 O-O 6. Be2 Na6 7. O-O c5 8. d5
Nc7 9. h3 a6 10. a4 Rb8 11. Bf4 Nd7 12. Qd2 Re8 13. Rfe1 b6 14. Bf1 Ne5 15.
Nxe5 dxe5 16. Be3 Qd6 17. f3 Bd7 18. Kh1 a5 19. b3 Rbd8 20. Rad1 Bc8 21. Nb5
Nxb5 22. cxb5 Bf6 23. Bc4 Kh8 24. Rf1 Rf8 25. f4 exf4 26. Bxf4 Be5 27. Bh6
1/2-1/2

[Event "4NCL"]
[Site "Barcelo Hotel, Hinkley Island,"]
[Date "2011.04.30"]
[Round "9.12"]
[White "Steil-Antoni, Fiona"]
[Black "Norinkeviciute, Rasa"]
[Result "1-0"]
[WhiteElo "2117"]
[BlackElo "2025"]
[PlyCount "91"]
[EventDate "2011.??.??"]
[WhiteTeam "Cheddleton 1"]
[BlackTeam "e2e4.org.uk 1"]

1. e4 c5 2. Nc3 d6 3. g3 g6 4. Bg2 Bg7 5. d3 Nc6 6. Be3 Nf6 7. h3 Nd4 8. Qd2
Rb8 9. Nd1 e5 10. c3 Ne6 11. Ne2 d5 12. exd5 Nxd5 13. Bh6 O-O 14. Bxg7 Nxg7 15.
Ne3 Be6 16. O-O Qd7 17. Kh2 Rbd8 18. Rad1 f5 19. a3 f4 20. Bxd5 Bxd5 21. Nxd5
Qxd5 22. g4 c4 23. d4 e4 24. f3 e3 25. Qc2 g5 26. Rb1 b5 27. b3 Rb8 28. Kg2 Ne6
29. Qe4 Nc7 30. Qc2 Kg7 31. Rh1 Rf6 32. h4 cxb3 33. Rxb3 Rbf8 34. hxg5 Rg6 35.
Rh5 Ne6 36. Qb1 Nxg5 37. Ng1 a6 38. a4 Rf7 39. axb5 axb5 40. Rxb5 Qc4 41. Rbxg5
Rxg5 42. Rxg5+ Kf8 43. Qb8+ Ke7 44. Re5+ Kf6 45. Qd6+ Kg7 46. Rg5+ 1-0

[Event "4NCL"]
[Site "Barcelo Hotel, Hinkley Island,"]
[Date "2011.04.30"]
[Round "9.13"]
[White "McShane, Luke J"]
[Black "Parker, Jonathan F"]
[Result "1-0"]
[WhiteElo "2683"]
[BlackElo "2531"]
[PlyCount "119"]
[EventDate "2011.??.??"]
[WhiteTeam "Wood Green Hilsmark 1"]
[BlackTeam "Barbican 4NCL 1"]

1. e4 e5 2. Nf3 Nc6 3. Bb5 Nf6 4. d3 Bc5 5. Bxc6 dxc6 6. b3 Qe7 7. Bb2 Nd7 8.
Nc3 O-O 9. Ne2 Ba3 10. Bxa3 Qxa3 11. O-O Qe7 12. Ng3 Nc5 13. b4 Na6 14. c3 c5
15. a3 cxb4 16. axb4 c5 17. bxc5 Nxc5 18. Re1 g6 19. d4 Nd7 20. Qb3 Kg7 21. Nf1
Qe6 22. Qxe6 fxe6 23. Nxe5 Nxe5 24. dxe5 Bd7 25. Ne3 Rfc8 26. Red1 Be8 27. Rd6
Kf7 28. Ra3 Rc5 29. f4 a5 30. Kf2 a4 31. Ke2 Rac8 32. Kd3 b5 33. g4 Ke7 34. h4
Bc6 35. g5 Ba8 36. Nc2 Bc6 37. Nd4 Bd7 38. Ne2 R5c7 39. Rb6 Rc5 40. Ra1 Bc6 41.
Ra3 Rf8 42. Ra6 Bd7 43. Ra7 Rb8 44. Ke3 Rbc8 45. Ra1 R8c7 46. Rxc7 Rxc7 47. Rb1
Rc8 48. Kd3 Rf8 49. Kd2 Rf7 50. Ke3 Rf8 51. Nd4 Rc8 52. Kd3 Rf8 53. Rf1 Ra8 54.
Rf2 Rf8 55. Rf1 Ra8 56. h5 gxh5 57. Rh1 a3 58. Rxh5 a2 59. Rxh7+ Kd8 60. Nxe6+
1-0

[Event "4NCL"]
[Site "Barcelo Hotel, Hinkley Island,"]
[Date "2011.04.30"]
[Round "9.13"]
[White "Turner, Matthew J"]
[Black "Hammer, Jon Ludvig"]
[Result "1/2-1/2"]
[WhiteElo "2517"]
[BlackElo "2606"]
[PlyCount "51"]
[EventDate "2011.??.??"]
[WhiteTeam "Barbican 4NCL 1"]
[BlackTeam "Wood Green Hilsmark 1"]

1. Nf3 d5 2. c4 d4 3. e3 c5 4. b4 dxe3 5. fxe3 cxb4 6. d4 e6 7. Bd3 Be7 8. O-O
Nf6 9. Bb2 Nbd7 10. Qe2 O-O 11. Nbd2 b6 12. Rad1 Qc7 13. Ne5 Nxe5 14. dxe5 Nd7
15. Bxh7+ Kxh7 16. Qh5+ Kg8 17. Rf3 f5 18. Rh3 Nxe5 19. Ne4 Bd7 20. Bxe5 Qxe5
21. Rxd7 Qa1+ 22. Rd1 Qe5 23. Qh7+ Kf7 24. Qh5+ Kg8 25. Qh7+ Kf7 26. Qh5+
1/2-1/2

[Event "4NCL"]
[Site "Barcelo Hotel, Hinkley Island,"]
[Date "2011.04.30"]
[Round "9.13"]
[White "Pert, Nicholas"]
[Black "Ferguson, Mark"]
[Result "1/2-1/2"]
[WhiteElo "2570"]
[BlackElo "2379"]
[PlyCount "186"]
[EventDate "2011.??.??"]
[WhiteTeam "Wood Green Hilsmark 1"]
[BlackTeam "Barbican 4NCL 1"]

1. d4 d5 2. c4 c6 3. Nf3 Nf6 4. Nc3 dxc4 5. e4 b5 6. e5 Nd5 7. Be2 e6 8. O-O
Be7 9. Ne4 O-O 10. b3 cxb3 11. axb3 Kh8 12. Bd3 f5 13. exf6 gxf6 14. Re1 Rg8
15. Ng3 Qe8 16. Bd2 Qf7 17. Qe2 Na6 18. Bb1 Nac7 19. Rc1 Bd7 20. Ne4 a6 21. Qf1
Raf8 22. Bd3 Nb4 23. Bxb4 Bxb4 24. Ng3 a5 25. Ra2 Nd5 26. Rac2 Bd6 27. Be4 Rg4
28. Qe1 Nb4 29. Re2 Rfg8 30. Bb1 a4 31. bxa4 bxa4 32. Re4 a3 33. Rxg4 Rxg4 34.
Ne4 Bf8 35. h3 a2 36. Bxa2 Rxe4 37. Qxe4 Nxa2 38. Ra1 Nc3 39. Qd3 Nd5 40. Ra7
Bd6 41. Nd2 Bc7 42. Nc4 Qf8 43. Ne3 Qb8 44. Qa3 Qb1+ 45. Nf1 c5 46. Qxc5 Qb8
47. Rb7 Qc8 48. Ne3 Bc6 49. Rxc7 Nxc7 50. Qxc6 Qd8 51. g3 Kg7 52. h4 Qe7 53.
Qb7 Kf7 54. Qe4 Kf8 55. Kh2 Qd7 56. Ng4 Ne8 57. Qf4 Qf7 58. Kg1 Ke7 59. Qc1 Kf8
60. Qc5+ Kg7 61. Ne3 Nc7 62. Qd6 Nb5 63. Qf4 Nc7 64. Qe4 Kf8 65. Kh2 Kg7 66.
Qb7 Kf8 67. Kg2 Qe7 68. Qe4 Qd7 69. g4 Kg7 70. g5 Qf7 71. Ng4 fxg5 72. Qe5+ Kf8
73. hxg5 Nd5 74. Qb8+ Kg7 75. Nh6 Nf4+ 76. Kg3 Nh5+ 77. Kg4 Nf6+ 78. Kf4 Nd5+
79. Kg3 Qc7+ 80. Qxc7+ Nxc7 81. Kf4 Kg6 82. Ng8 Nd5+ 83. Kg4 Kg7 84. Nh6 Nc7
85. f4 Nb5 86. d5 exd5 87. Kf5 d4 88. Ke4 Kg6 89. Kd3 Kh5 90. Kc4 Nc7 91. Kxd4
Ne6+ 92. Ke5 Nxg5 93. Ng8 Kg6 1/2-1/2

[Event "4NCL"]
[Site "Barcelo Hotel, Hinkley Island,"]
[Date "2011.04.30"]
[Round "9.13"]
[White "Cox, John J"]
[Black "Berg, Emanuel"]
[Result "1/2-1/2"]
[WhiteElo "2407"]
[BlackElo "2612"]
[PlyCount "146"]
[EventDate "2011.??.??"]
[WhiteTeam "Barbican 4NCL 1"]
[BlackTeam "Wood Green Hilsmark 1"]

1. c4 Nf6 2. g3 g6 3. Bg2 Bg7 4. Nc3 O-O 5. Nf3 d6 6. O-O a6 7. d3 e5 8. Rb1 h6
9. b4 Nc6 10. a4 Nh5 11. b5 Ne7 12. Qb3 axb5 13. axb5 Be6 14. Nd5 c6 15. Nxe7+
Qxe7 16. bxc6 bxc6 17. Bd2 Qd7 18. Bc3 Rac8 19. Rfc1 f5 20. Qb7 Rc7 21. Qb6 Nf6
22. Bxe5 dxe5 23. Nxe5 Qc8 24. Nxg6 Re8 25. Nf4 Bf7 26. e3 Nd7 27. Qa5 Ne5 28.
Qa4 c5 29. Rb6 Rd8 30. Rcb1 Qd7 31. Qxd7 Rcxd7 32. Bd5 Bxd5 33. cxd5 Rxd5 34.
Nxd5 Rxd5 35. d4 cxd4 36. exd4 Rxd4 37. Ra6 f4 38. gxf4 Rxf4 39. Rb8+ Kh7 40.
Rb7 Rg4+ 41. Kf1 Nf3 42. h3 Rg1+ 43. Ke2 Nd4+ 44. Kd2 Rg5 45. Rd6 Nf3+ 46. Ke3
Ne5 47. Ke2 Ng6 48. Rd4 h5 49. f4 Rf5 50. Ke3 Kg8 51. Rd8+ Bf8 52. Rc8 Rf6 53.
Rc4 Bd6 54. Rc8+ Bf8 55. Rc4 Ne7 56. Kf3 Nf5 57. Ra4 Be7 58. Re4 Kf8 59. Rb8+
Kg7 60. Rb7 Rf7 61. Re5 Kg6 62. Kg2 Rh7 63. Rbb5 Rf7 64. Rb7 h4 65. Kf3 Kf6 66.
Rb6+ Nd6 67. Kg4 Rh7 68. Rh5 Rxh5 69. Kxh5 Kf5 70. Rxd6 Bxd6 71. Kxh4 Bxf4 72.
Kh5 Bg5 73. h4 Bf4 1/2-1/2

[Event "4NCL"]
[Site "Barcelo Hotel, Hinkley Island,"]
[Date "2011.04.30"]
[Round "9.13"]
[White "Petrov, Marijan"]
[Black "D'Costa, Lorin AR"]
[Result "1-0"]
[WhiteElo "2534"]
[BlackElo "2441"]
[PlyCount "85"]
[EventDate "2011.??.??"]
[WhiteTeam "Wood Green Hilsmark 1"]
[BlackTeam "Barbican 4NCL 1"]

1. e4 c5 2. Nf3 e6 3. g3 Nc6 4. Bg2 Nf6 5. Qe2 d6 6. O-O Be7 7. c3 O-O 8. d4 d5
9. e5 Nd7 10. Be3 b6 11. Rd1 a5 12. Ne1 Ba6 13. Qg4 Kh8 14. Nd2 Rc8 15. Ndf3
Qe8 16. h4 h6 17. a3 Rc7 18. Nd3 Bxd3 19. Rxd3 b5 20. Qh3 b4 21. axb4 axb4 22.
g4 Nb6 23. g5 Nc4 24. gxh6 Rg8 25. h7 Rf8 26. Bc1 bxc3 27. bxc3 cxd4 28. cxd4
Nb4 29. Rd1 Nc2 30. Ra2 Nb4 31. Re2 Qa4 32. Ree1 Nc2 33. Rf1 Nb4 34. h5 Qc2 35.
h6 g6 36. Bg5 Qf5 37. Bxe7 Rxe7 38. Qxf5 gxf5 39. Ng5 Nc6 40. Rfe1 Nd8 41. f4
Nb6 42. Rb1 Nd7 43. Rec1 1-0

[Event "4NCL"]
[Site "Barcelo Hotel, Hinkley Island,"]
[Date "2011.04.30"]
[Round "9.13"]
[White "Devereaux, Maxim L"]
[Black "Arakhamia-Grant, Ketevan E"]
[Result "1-0"]
[WhiteElo "2385"]
[BlackElo "2458"]
[PlyCount "137"]
[EventDate "2011.??.??"]
[WhiteTeam "Barbican 4NCL 1"]
[BlackTeam "Wood Green Hilsmark 1"]

1. e4 c5 2. Nf3 e6 3. b3 d6 4. Bb2 Nf6 5. Bd3 Nc6 6. O-O Be7 7. Re1 a6 8. Bf1
O-O 9. d4 cxd4 10. Nxd4 Nxd4 11. Qxd4 b5 12. a4 e5 13. Qd3 Bb7 14. axb5 axb5
15. Nd2 Bc6 16. g3 Qb6 17. Bg2 Qb7 18. Bc3 Nd7 19. Rxa8 Rxa8 20. Bb4 Nc5 21.
Bxc5 dxc5 22. Qc3 Rd8 23. Nf3 f6 24. Qe3 Bf8 25. Bh3 Kf7 26. b4 g6 27. bxc5 Qa7
28. Qb3+ Kg7 29. Qe6 Qxc5 30. Bf1 Re8 31. Qb3 Bd6 32. Bd3 Bc7 33. Nh4 Bb6 34.
Rf1 b4 35. Ng2 Qc3 36. Qxc3 bxc3 37. Rb1 Bd4 38. Ne3 Ra8 39. Kf1 Ra2 40. Ke2
Rb2 41. Ra1 Rb4 42. Ra6 Bb7 43. Ra3 h5 44. Nd1 h4 45. f3 h3 46. Nxc3 Bg1 47.
Rb3 Rxb3 48. cxb3 Kf7 49. Kf1 Bxh2 50. Kf2 Bc8 51. Nd5 f5 52. Bc4 Be6 53. Nb6
f4 54. g4 Bg3+ 55. Kg1 Bxc4 56. Nxc4 Ke6 57. b4 Be1 58. b5 Bc3 59. g5 Bd4+ 60.
Kh2 Kd7 61. Kxh3 Kc7 62. Kg4 Bc3 63. b6+ Kc6 64. b7 Kxb7 65. Nd6+ Kc6 66. Nf7
Kd7 67. Nh8 Ke6 68. Nxg6 Bb4 69. Kh5 1-0

[Event "4NCL"]
[Site "Barcelo Hotel, Hinkley Island,"]
[Date "2011.04.30"]
[Round "9.13"]
[White "Cramling, Pia"]
[Black "Morrison, Graham"]
[Result "1/2-1/2"]
[WhiteElo "2484"]
[BlackElo "2340"]
[PlyCount "54"]
[EventDate "2011.??.??"]
[WhiteTeam "Wood Green Hilsmark 1"]
[BlackTeam "Barbican 4NCL 1"]

1. Nf3 Nf6 2. c4 c5 3. Nc3 e6 4. g3 b6 5. Bg2 Bb7 6. O-O a6 7. b3 d6 8. Bb2 Be7
9. e3 O-O 10. d4 Qc7 11. Rc1 Nbd7 12. Qe2 Rfe8 13. Rfd1 Rac8 14. Ne1 cxd4 15.
exd4 Bf8 16. Qf1 Bxg2 17. Nxg2 Qa7 18. Ne3 g6 19. a4 h5 20. Rc2 d5 21. Re2 dxc4
22. bxc4 Bb4 23. Rc2 Qb7 24. Na2 Bf8 25. Qg2 Qxg2+ 26. Kxg2 e5 27. h3 exd4
1/2-1/2

[Event "4NCL"]
[Site "Barcelo Hotel, Hinkley Island,"]
[Date "2011.04.30"]
[Round "9.13"]
[White "Lauterbach, Ingrid"]
[Black "Tissir, Mohamed"]
[Result "0-1"]
[WhiteElo "2109"]
[BlackElo "2464"]
[PlyCount "78"]
[EventDate "2011.??.??"]
[WhiteTeam "Barbican 4NCL 1"]
[BlackTeam "Wood Green Hilsmark 1"]

1. e4 e5 2. Bc4 Nf6 3. d3 c6 4. Nf3 Be7 5. O-O d6 6. c3 O-O 7. Re1 Nbd7 8. Nbd2
Qc7 9. d4 b5 10. Bf1 Bb7 11. a4 a6 12. g3 Rfe8 13. dxe5 dxe5 14. b4 Nb6 15.
axb5 cxb5 16. Bb2 Rac8 17. Rc1 Nc4 18. Nxc4 bxc4 19. Nd2 Rcd8 20. Qc2 Rxd2 21.
Qxd2 Nxe4 22. Qe2 Ng5 23. Bg2 Bxg2 24. Kxg2 Qc6+ 25. f3 e4 26. fxe4 Bf6 27. Qg4
h5 28. Qf5 Re5 29. Qf4 h4 30. gxh4 Nxe4 31. Kg1 Bxh4 32. Re2 Ng5 33. Re3 Qb6
34. Qxe5 Nf3+ 35. Kg2 Nxe5 36. Rxe5 Qf2+ 37. Kh3 Bf6 38. Re8+ Kh7 39. Ba1 Qf3#
0-1

[Event "4NCL"]
[Site "Barcelo Hotel, Hinkley Island,"]
[Date "2011.04.30"]
[Round "9.14"]
[White "Conquest, Stuart C"]
[Black "Hunt, Adam C"]
[Result "1/2-1/2"]
[WhiteElo "2529"]
[BlackElo "2436"]
[PlyCount "85"]
[EventDate "2011.??.??"]
[WhiteTeam "Guildford A&DC 1"]
[BlackTeam "Betsson.com"]

1. d4 Nf6 2. c4 g6 3. f3 Bg7 4. e4 d6 5. Ne2 O-O 6. Be3 c5 7. d5 e6 8. Nd2 exd5
9. cxd5 Ne8 10. Qb3 Nd7 11. Nf4 Ne5 12. Be2 Nc7 13. O-O Rb8 14. a4 Bd7 15. Rfb1
b5 16. axb5 Bxb5 17. Qd1 Rb7 18. Ra2 Qb8 19. Kh1 Bxe2 20. Qxe2 Nb5 21. Qf1 Qc7
22. Rc1 Qb8 23. b3 Bh6 24. Re1 Bg7 25. Ra6 Rd8 26. Nd3 Nxd3 27. Qxd3 Nd4 28.
Rb1 Rb4 29. Ra4 Rxa4 30. bxa4 Qc7 31. Nc4 Qd7 32. Bg5 Re8 33. a5 Qc7 34. a6 Rb8
35. Bf4 Bf8 36. e5 Rxb1+ 37. Qxb1 dxe5 38. Bxe5 Qc8 39. d6 Qe6 40. Qd3 Bg7 41.
Bg3 h5 42. Bf2 Bf6 43. h3 1/2-1/2

[Event "4NCL"]
[Site "Barcelo Hotel, Hinkley Island,"]
[Date "2011.04.30"]
[Round "9.14"]
[White "Ledger, Andrew J"]
[Black "Brunner, Nicolas"]
[Result "0-1"]
[WhiteElo "2429"]
[BlackElo "2478"]
[PlyCount "78"]
[EventDate "2011.??.??"]
[WhiteTeam "Betsson.com"]
[BlackTeam "Guildford A&DC 1"]

1. d4 Nf6 2. c4 e6 3. Nf3 d5 4. cxd5 exd5 5. Nc3 c6 6. Bg5 Be7 7. e3 Bf5 8. Bd3
Bxd3 9. Qxd3 Nbd7 10. O-O O-O 11. Rab1 a5 12. Qc2 Re8 13. a3 Nb6 14. Rfe1 Ne4
15. Bxe7 Qxe7 16. Ne5 f6 17. Nd3 Nc4 18. Nxe4 Qxe4 19. Qc3 Qg6 20. Rbd1 a4 21.
Qb4 Qf7 22. Nc5 b5 23. Qc3 Re7 24. Ra1 Qg6 25. h3 Kh8 26. Rec1 f5 27. Nd3 Qd6
28. Ne5 Rf8 29. f4 Re6 30. Rf1 c5 31. dxc5 Qxc5 32. Rfe1 Rc8 33. Nxc4 Qxc4 34.
Qd2 Qe4 35. Rac1 Rc4 36. Rxc4 dxc4 37. Rd1 Rg6 38. Qd5 Qxe3+ 39. Kh1 h6 0-1

[Event "4NCL"]
[Site "Barcelo Hotel, Hinkley Island,"]
[Date "2011.04.30"]
[Round "9.14"]
[White "Cherniaev, Alexander"]
[Black "Ansell, Simon T"]
[Result "1-0"]
[WhiteElo "2446"]
[BlackElo "2427"]
[PlyCount "71"]
[EventDate "2011.??.??"]
[WhiteTeam "Guildford A&DC 1"]
[BlackTeam "Betsson.com"]

1. e4 c6 2. d4 d5 3. exd5 cxd5 4. c4 Nf6 5. Nc3 Nc6 6. Bg5 Be6 7. a3 Qd7 8. Be2
O-O-O 9. c5 Ne4 10. Be3 g5 11. Bb5 f5 12. f4 Bg7 13. Nf3 Bf7 14. Ne2 h6 15. O-O
Bh5 16. Rb1 Qe6 17. Bxc6 bxc6 18. Qd3 Rd7 19. b4 Rb7 20. a4 Kd7 21. b5 Rhb8 22.
Rb3 Ke8 23. Rfb1 Qc8 24. Ng3 Nxg3 25. hxg3 Bxf3 26. gxf3 Bf6 27. R3b2 Kf7 28.
b6 a5 29. Rh2 Kg6 30. Kf2 e6 31. Rbh1 Bg7 32. Rh5 e5 33. fxe5 Ra8 34. g4 Rf7
35. f4 Kh7 36. Rxg5 1-0

[Event "4NCL"]
[Site "Barcelo Hotel, Hinkley Island,"]
[Date "2011.04.30"]
[Round "9.14"]
[White "Webb, Laurence E"]
[Black "Povah, Nigel E"]
[Result "1-0"]
[WhiteElo "2307"]
[BlackElo "2336"]
[PlyCount "65"]
[EventDate "2011.??.??"]
[WhiteTeam "Betsson.com"]
[BlackTeam "Guildford A&DC 1"]

1. e4 c5 2. Nf3 Nc6 3. Bb5 Nf6 4. e5 Nd5 5. Nc3 Nc7 6. a4 a6 7. Bxc6 dxc6 8. h3
Bf5 9. d3 h6 10. Be3 e6 11. O-O Be7 12. Nd2 Nd5 13. a5 Qc7 14. Nc4 O-O-O 15.
Qf3 g5 16. Ne4 Kb8 17. Ned6 Bg6 18. Bxc5 Rdf8 19. Ra3 h5 20. Rb3 g4 21. Qg3 Bf5
22. Rxb7+ Qxb7 23. Nxb7 h4 24. Qh2 Kxb7 25. Bxe7 Nxe7 26. Nd6+ Ka8 27. hxg4
Bxg4 28. Qf4 Nd5 29. Qxg4 h3 30. g3 h2+ 31. Kg2 f5 32. Qc4 Rh7 33. Rh1 1-0

[Event "4NCL"]
[Site "Barcelo Hotel, Hinkley Island,"]
[Date "2011.04.30"]
[Round "9.14"]
[White "Wall, Gavin"]
[Black "Bates, Richard A"]
[Result "1-0"]
[WhiteElo "2319"]
[BlackElo "2383"]
[PlyCount "83"]
[EventDate "2011.??.??"]
[WhiteTeam "Guildford A&DC 1"]
[BlackTeam "Betsson.com"]

1. e4 c5 2. Nf3 d6 3. d4 cxd4 4. Qxd4 a6 5. Bg5 Nc6 6. Qd2 g6 7. Bc4 Bg7 8. Nc3
Nf6 9. Bh6 O-O 10. O-O-O Bg4 11. h3 Bxf3 12. gxf3 Rc8 13. Bb3 Qa5 14. Bxg7 Kxg7
15. f4 e5 16. f5 Nd4 17. Kb1 Rxc3 18. Qxc3 Qxc3 19. bxc3 Nb5 20. Kb2 Nxe4 21.
Rhe1 gxf5 22. a4 Nc7 23. f3 Ng5 24. Rg1 Kf6 25. Rxd6+ Nce6 26. Bd5 Nxh3 27. Rh1
Nhg5 28. Rb6 a5 29. Rxb7 e4 30. fxe4 fxe4 31. Rb5 Nc7 32. Rxa5 Kg6 33. Bc4 f5
34. Rc5 Rb8+ 35. Ka3 Ne8 36. a5 f4 37. a6 Nf6 38. Rg1 h6 39. Be6 f3 40. Bf5+
Kf7 41. Rc7+ Kf8 42. a7 1-0

[Event "4NCL"]
[Site "Barcelo Hotel, Hinkley Island,"]
[Date "2011.04.30"]
[Round "9.14"]
[White "Ledger, Dave J"]
[Black "Cooksey, Paul S"]
[Result "0-1"]
[WhiteElo "2271"]
[BlackElo "2264"]
[PlyCount "144"]
[EventDate "2011.??.??"]
[WhiteTeam "Betsson.com"]
[BlackTeam "Guildford A&DC 1"]

1. e4 c5 2. Nf3 e6 3. d4 cxd4 4. Nxd4 a6 5. Nc3 Qc7 6. Bd3 Nf6 7. Qe2 Nc6 8.
Nxc6 bxc6 9. e5 Nd5 10. Bd2 Rb8 11. Rb1 Nxc3 12. Bxc3 Bb4 13. Bxb4 Rxb4 14. c3
Rb6 15. O-O c5 16. Rfe1 h5 17. Qe3 g6 18. b3 h4 19. h3 Bb7 20. Qg5 Rh5 21. Qf6
Qd8 22. Qxd8+ Kxd8 23. f4 a5 24. Rbd1 d5 25. exd6 Rd5 26. Bc4 Rdxd6 27. Kf2 Ke7
28. Bf1 Rxd1 29. Rxd1 a4 30. Rb1 Bd5 31. c4 Be4 32. Re1 f5 33. bxa4 Rb4 34. a5
Ra4 35. Ra1 Ra3 36. Be2 e5 37. fxe5 Ke6 38. Bd1 Kxe5 39. Bb3 Kf4 40. Rd1 g5 41.
Rd7 Bb1 42. Rd1 Be4 43. Rd7 Rxa5 44. Rd8 Ra6 45. Rd7 Rg6 46. Bd1 Ke5 47. Rd8
Rg7 48. Rd2 Ra7 49. Bb3 Bc6 50. Bd1 Kf4 51. Bh5 Ra3 52. Bf7 Be4 53. Bd5 Bb1 54.
Kg1 Rxa2 55. Rd1 Rb2 56. Rf1+ Ke5 57. Re1+ Be4 58. Bxe4 fxe4 59. Rd1 Kf4 60.
Rd5 Rb1+ 61. Kf2 e3+ 62. Ke2 Rg1 63. Rxc5 Rxg2+ 64. Kf1 Rc2 65. Ke1 Rh2 66. Rc8
Rxh3 67. c5 Rh1+ 68. Ke2 Rc1 69. c6 g4 70. c7 Kg3 71. Kxe3 h3 72. Kd2 Rc6 0-1

[Event "4NCL"]
[Site "Barcelo Hotel, Hinkley Island,"]
[Date "2011.04.30"]
[Round "9.14"]
[White "Anderton, Matthew N"]
[Black "Nelson, Jonathan P"]
[Result "1/2-1/2"]
[WhiteElo "2225"]
[BlackElo "2222"]
[PlyCount "36"]
[EventDate "2011.??.??"]
[WhiteTeam "Guildford A&DC 1"]
[BlackTeam "Betsson.com"]

1. e4 e6 2. d4 d5 3. Nc3 dxe4 4. Nxe4 Qd5 5. Nc3 Bb4 6. Nf3 b6 7. Bd2 Bxc3 8.
Bxc3 Bb7 9. b3 Nc6 10. Bc4 Qe4+ 11. Qe2 Nf6 12. O-O Qxe2 13. Bxe2 O-O 14. Bb2
Rfd8 15. Rfd1 a5 16. a3 Ne7 17. Ne5 Nd7 18. Ng4 Nf8 1/2-1/2

[Event "4NCL"]
[Site "Barcelo Hotel, Hinkley Island,"]
[Date "2011.04.30"]
[Round "9.14"]
[White "Yurenok, Maria S"]
[Black "Dines, Sheila J"]
[Result "1-0"]
[WhiteElo "2100"]
[BlackElo "1900"]
[PlyCount "53"]
[EventDate "2011.??.??"]
[WhiteTeam "Betsson.com"]
[BlackTeam "Guildford A&DC 1"]

1. d4 Nf6 2. c4 d5 3. Nc3 e6 4. cxd5 exd5 5. Bg5 Nbd7 6. e3 c6 7. Bd3 Qa5 8.
Qc2 Bb4 9. Nge2 O-O 10. O-O Re8 11. a3 Bd6 12. h3 h6 13. Bf4 Bxf4 14. Nxf4 Nf8
15. b4 Qd8 16. b5 Ne6 17. Nxe6 Bxe6 18. bxc6 bxc6 19. Na4 Qd6 20. Rfc1 Rec8 21.
Nc5 Nd7 22. Qa4 Nb6 23. Qa5 Rc7 24. Rc2 Nd7 25. Na6 Rcc8 26. Rac1 Rab8 27. Nxb8
1-0